| 000 | 00986nam a2200253Ia 4500 | ||
|---|---|---|---|
| 003 | GCL | ||
| 005 | 20240530102940.0 | ||
| 008 | 140319s9999 xx 000 0 ara d | ||
| 040 |
_aGCL / _cGCL |
||
| 082 | 0 | 4 |
_a320.54 _bوج |
| 100 | 1 | _aوميض جمال عمر نظمى | |
| 245 | 1 | 0 |
_aالجزور السياسية والفكرية والاجتماعية للحركة القومية العربية الاستقلالية فى العراق / _cوميض حمال عمر نظمى |
| 260 |
_a[S.N] : _bمركز دراسات الوحدة العربية ، _c1984 |
||
| 300 | _a486 ص | ||
| 650 | 0 | 4 | _aالاحوال الاجتماعية |
| 650 | 0 | 4 | _aالاحوال السياسية |
| 650 | 0 | 4 | _aالعراق |
| 650 | 0 | 4 | _aالاحوال الاقتصادية |
| 650 | 0 | 4 | _aالقومية والدين |
| 650 | 0 | 4 | _aالقومية العربية |
| 650 | 0 | 4 | _aالانتداب البريطانى (1930-1914) |
| 700 | 1 | _aوميض جمال عمر نظمى | |
| 942 |
_2ddc _cBK |
||
| 999 |
_c35604 _d35604 |
||